The rights of prisoners: the basic ACLU guide to prisoners' rights
| Contributors: | |
|---|---|
| Format: | Print Book |
| Language: | English |
| Published: |
Carbondale, Ill. [u.a.]
Southern Ill. Univ. Pr.
1988
|
| In: | Year: 1988 |
| Edition: | 4. ed. |
| Online Access: |
Contributor biographical information Publisher description |
| Availability in Tübingen: | Present in Tübingen. UB: KB 8 E 3180 |
| Check availability: | HBZ Gateway |
| Subito Delivery Service: | Order now. |
| Keywords: |
MARC
| LEADER | 00000cam a2200000 c 4500 | ||
|---|---|---|---|
| 001 | 275115275 | ||
| 003 | DE-627 | ||
| 005 | 20251222212749.0 | ||
| 007 | tu | ||
| 008 | 990101s1988 xxu||||| 00| ||eng c | ||
| 020 | |a 0809314525 |9 0-8093-1452-5 | ||
| 035 | |a (DE-627)275115275 | ||
| 035 | |a (DE-576)025702831 | ||
| 035 | |a (DE-599)GBV275115275 | ||
| 035 | |a (OCoLC)246545678 | ||
| 035 | |a (OCoLC)16713866 | ||
| 035 | |a (DE-604)8035271043 | ||
| 040 | |a DE-627 |b ger |c DE-627 |e rakwb | ||
| 041 | |a eng | ||
| 044 | |c XD-US | ||
| 050 | 0 | |a KF9731.Z9 | |
| 082 | 0 | |a 344.73/035643 | |
| 082 | 0 | |a 347.30435643 | |
| 082 | 0 | |a 344.73035643 | |
| 245 | 0 | 4 | |a The rights of prisoners |b the basic ACLU guide to prisoners' rights |c David Rudovsky ... |
| 250 | |a 4. ed. | ||
| 264 | 1 | |a Carbondale, Ill. [u.a.] |b Southern Ill. Univ. Pr. |c 1988 | |
| 300 | |a XVII, 127 S | ||
| 336 | |a Text |b txt |2 rdacontent | ||
| 337 | |a ohne Hilfsmittel zu benutzen |b n |2 rdamedia | ||
| 338 | |a Band |b nc |2 rdacarrier | ||
| 490 | 0 | |a An American civil liberties union handbook | |
| 583 | 1 | |a Archivierung prüfen |c 20200919 |f DE-640 |z 1 |2 pdager | |
| 650 | 0 | |a Prisoners |x Legal status, laws, etc |z United States | |
| 689 | 0 | 0 | |d g |0 (DE-588)4078704-7 |0 (DE-627)106076612 |0 (DE-576)209209682 |a USA |2 gnd |
| 689 | 0 | 1 | |d s |0 (DE-588)4022782-0 |0 (DE-627)10446710X |0 (DE-576)208945814 |a Gefangener |2 gnd |
| 689 | 0 | 2 | |d s |0 (DE-588)4048737-4 |0 (DE-627)106189719 |0 (DE-576)20907907X |a Recht |2 gnd |
| 689 | 0 | |5 (DE-627) | |
| 700 | 1 | |a Rudovsky, David |4 oth | |
| 856 | 4 | 2 | |u http://www.loc.gov/catdir/enhancements/fy0739/87023577-b.html |x Verlag |y Contributor biographical information |7 1 |
| 856 | 4 | 2 | |u http://www.loc.gov/catdir/enhancements/fy0739/87023577-d.html |x Verlag |y Publisher description |7 1 |
| 935 | |i Blocktest | ||
| 951 | |a BO | ||
| ELC | |b 1 | ||
| LOK | |0 000 xxxxxcx a22 zn 4500 | ||
| LOK | |0 001 3081302331 | ||
| LOK | |0 003 DE-627 | ||
| LOK | |0 004 275115275 | ||
| LOK | |0 005 20151026134212 | ||
| LOK | |0 008 910919||||||||||||||||ger||||||| | ||
| LOK | |0 040 |a DE-21 |c DE-627 |d DE-21 | ||
| LOK | |0 852 |a DE-21 | ||
| LOK | |0 852 1 |c KB 8 E 3180 |9 00 | ||
| LOK | |0 935 |a krim | ||
| LOK | |0 939 |a 19-09-91 |b l01 | ||
| ORI | |a SA-MARC-krimdoka001.raw | ||
| SIG | |a UB: KB 8 E 3180 | ||
